[Event "Ruhrgebiet VK1 0001"]
[Site "Ruhrgebiet"]
[Date "2001.04.22"]
[Round "8"]
[White "Matzat, Andre"]
[Black "Drawe, Thomas"]
[Result "1-0"]
[WhiteElo "2001"]
[BlackElo "1937"]
[PlyCount "55"]
[EventDate "2000.09.17"]
[EventType "team-tourn"]
[EventRounds "9"]
[EventCountry "GER"]
[SourceTitle "EXT 2023"]
[Source "ChessBase"]
[SourceDate "2022.10.05"]
[SourceVersion "1"]
[SourceVersionDate "2022.10.05"]
[SourceQuality "1"]
[WhiteTeam "Oberhausen II"]
[BlackTeam "Essen Rot Weiss"]
[WhiteTeamCountry "GER"]
[BlackTeamCountry "GER"]

1. Nf3 Nf6 2. c4 b6 3. g3 Bb7 4. d4 e6 5. Bg2 Be7 6. 0-0 0-0 7. Nc3 d5 8. Ne5 Nbd7 9. Qc2 Nxe5 10. dxe5 Ng4 11. Rd1 c6 12. b3 Nxe5 13. Bb2 Qc7 14. cxd5 cxd5 15. Rac1 Qb8 16. e4 dxe4 17. Bxe4 Nf3+ 18. Kf1 f5 19. Rd7 Bxe4 20. Nxe4 Qe8 21. Qc7 Rf7 22. Nd6 Bxd6 23. Rxf7 Qb5+ 24. Kg2 Bxc7 25. Rcxc7 Ne1+ 26. Kg1 e5 27. Rxg7+ Kf8 28. Ba3+ 1-0